| 000 | 00688nam a2200217 a 4500 | ||
|---|---|---|---|
| 005 | 20140310183454.0 | ||
| 008 | 090804s19uu xx 00 eng d | ||
| 020 | _a9780071496315 | ||
| 050 |
_aHF 5387.5.U6 _b.P67 2009 |
||
| 100 | _aPorrini, Patrizia | ||
| 245 |
_aAbove the board : _bhow ethical ceo's create honest corporations / _cPatrizia Porrini |
||
| 260 |
_aNew York : _bMcGraw-Hill, _c2009. |
||
| 300 |
_a221 p. : _c25 cm. |
||
| 521 | _aBSBA | ||
| 650 |
_aBusiness ethics _xUnited States _xCase studies. |
||
| 650 |
_aChief Executive Officers _xUnited States _xCase studies. |
||
| 700 | _aHiris, Lorene | ||
| 700 | _aPoncini, Gina | ||
| 942 |
_cBK _2lcc _kFOR |
||
| 999 |
_c23527 _d23527 |
||